| 000 | 00613namaa22001931 4500 | ||
|---|---|---|---|
| 001 | 177795 | ||
| 003 | ES-MaACL | ||
| 005 | 20230906220421.0 | ||
| 008 | 110427s1970 sp |||| | spa d | ||
| 080 | _a551.44 | ||
| 100 | 1 |
_aLlopis Lladó, Noel. _972839 |
|
| 245 | 1 | 0 |
_aFundamentos de hidrogeologia cárstica _b: [introducción a la geoespeleologia] / _cNoel Llopis Lladó. |
| 250 | _a[1ª ed.]. | ||
| 260 |
_a[Madrid] : _bBlume, _c[1970] |
||
| 300 |
_aXII, 269 p., 1 h., grab. : _bil. ; _c25 cm. |
||
| 650 | 4 |
_aEspeleología. _9146279 |
|
| 740 | 0 | _aHidrogeología cárstica. | |
| 852 |
_aES-MaACL _jC-37578 |
||
| 999 |
_c177795 _d177795 |
||